000 00273nam a2200109 a 4500
001 4140
005 20140414131849.0
008 090218s19uu xx 00 eng d
050 _aM 500
_bEv2 2005
245 _aEveryday science :
_bincluding how things work.
999 _c110101
_d110101